All 10k+ Cities in the United States in 1900 with a Map - Statistics

General Stats
  • This quiz has been taken 516 times
  • The average score is 186 of 439
Answers on the Map
Answers color-coded by a green-red scale on the quiz's map according to % correct below.
 
Answer Stats
Population State City % Correct
342,782 CA San Francisco
95%
1,698,575 IL Chicago
94%
102,479 CA Los Angeles
94%
3,437,202 NY New York City
94%
90,426 OR Portland
94%
50,145 ME Portland
94%
133,859 CO Denver
93%
1,293,697 PA Philadelphia
93%
80,671 WA Seattle
93%
285,704 MI Detroit
92%
287,104 LA New Orleans
92%
560,892 MA Boston
91%
42,639 TX Dallas
91%
163,752 MO Kansas City
91%
51,418 KS Kansas City
91%
202,718 MN Minneapolis
91%
53,531 UT Salt Lake City
91%
44,633 TX Houston
90%
25,180 MI Jackson
90%
14,511 TN Jackson
90%
17,700 CA San Diego
90%
278,718 (DC) Washington
90%
89,872 GA Atlanta
89%
22,258 TX Austin
89%
169,164 IN Indianapolis
89%
29,282 CA Sacramento
89%
575,238 MO St. Louis
89%
508,957 MD Baltimore
88%
352,387 NY Buffalo
88%
125,560 OH Columbus
88%
17,614 GA Columbus
88%
28,429 FL Jacksonville
88%
15,078 IL Jacksonville
88%
102,320 TN Memphis
88%
285,315 WI Milwaukee
88%
80,865 TN Nashville
88%
10,112 KS Pittsburg
88%
321,616 PA Pittsburgh
88%
62,059 MA Springfield
88%
38,253 OH Springfield
88%
34,159 IL Springfield
88%
23,267 MO Springfield
88%
381,768 OH Cleveland
87%
39,306 (HI) Honolulu
87%
10,037 (OK) Oklahoma City
87%
53,321 TX San Antonio
86%
15,839 FL Tampa
86%
325,902 OH Cincinnati
85%
163,065 MN Saint Paul
85%
94,151 NY Albany
84%
55,807 SC Charleston
84%
11,099 WV Charleston
84%
18,091 NC Charlotte
84%
85,050 VA Richmond
84%
18,226 IN Richmond
84%
204,731 KY Louisville
83%
246,070 NJ Newark
83%
18,157 OH Newark
83%
62,139 IA Des Moines
82%
102,555 NE Omaha
82%
26,001 NE South Omaha
82%
11,269 LA Baton Rouge
81%
38,415 AL Birmingham
81%
26,668 TX Fort Worth
81%
38,307 AR Little Rock
81%
38,469 AL Mobile
81%
162,608 NY Rochester
81%
131,822 OH Toledo
81%
21,085 CO Colorado Springs
80%
175,597 RI Providence
80%
12,138 RI Providence
80%
21,500 CA San Jose
80%
54,244 GA Savannah
80%
79,850 CT Hartford
79%
206,433 NJ Jersey City
79%
30,346 AL Montgomery
79%
13,643 NC Raleigh
79%
40,169 NE Lincoln
78%
66,960 CA Oakland
78%
39,441 GA Augusta
77%
11,683 ME Augusta
77%
15,906 TX El Paso
77%
52,733 PA Erie
77%
108,374 NY Syracuse
77%
12,470 CA Fresno
76%
36,848 WA Spokane
76%
21,108 SC Columbia
75%
12,316 PA Columbia
75%
17,114 FL Key West
74%
26,369 KY Lexington
74%
108,027 CT New Haven
74%
24,671 KS Wichita
74%
87,565 MI Grand Rapids
73%
50,167 PA Harrisburg
73%
19,164 WI Madison
73%
32,637 TN Knoxville
72%
14,087 WY Cheyenne
71%
18,684 WI Green Bay
71%
10,770 MT Helena
71%
56,987 NH Manchester
71%
46,624 VA Norfolk
71%
52,969 MN Duluth
70%
16,485 MI Lansing
70%
37,714 WA Tacoma
70%
42,728 OH Akron
69%
76,508 DE Wilmington
69%
20,976 NC Wilmington
69%
27,838 NJ Atlantic City
68%
85,333 OH Dayton
68%
16,013 LA Shreveport
68%
10,266 SD Sioux Falls
68%
33,608 KS Topeka
68%
73,307 NJ Trenton
68%
118,421 MA Worcester
68%
45,115 IN Fort Wayne
67%
37,789 TX Galveston
67%
28,301 KY Newport
67%
22,034 RI Newport
67%
102,026 PA Scranton
67%
10,035 NC Greensboro
66%
30,154 TN Chattanooga
65%
35,956 MA Salem
64%
10,245 GA Athens
63%
70,996 CT Bridgeport
63%
23,201 IA Burlington
63%
18,640 VT Burlington
63%
91,886 MA Cambridge
63%
19,632 NH Concord
63%
47,931 NY Yonkers
63%
13,103 MI Flint
61%
56,383 NY Utica
61%
19,457 NY Niagara Falls
60%
14,528 VA Alexandria
59%
35,416 PA Allentown
59%
56,100 IL Peoria
59%
25,656 IA Cedar Rapids
58%
17,747 FL Pensacola
58%
35,254 IA Davenport
57%
59,007 IN Evansville
57%
23,272 GA Macon
57%
33,111 IA Sioux City
57%
35,999 IN South Bend
57%
17,506 CA Stockton
57%
20,686 TX Waco
57%
14,509 MI Ann Arbor
56%
24,147 IL Aurora
55%
13,429 TX Laredo
55%
16,313 UT Ogden
55%
28,157 CO Pueblo
55%
21,850 ME Bangor
54%
41,459 PA Lancaster
54%
17,870 OH Portsmouth
53%
17,427 VA Portsmouth
53%
10,637 NH Portsmouth
53%
33,708 PA York
53%
44,885 OH Youngstown
53%
11,860 SC Greenville
52%
21,495 VA Roanoke
52%
10,008 NC Winston
52%
14,694 NC Asheville
51%
52,130 NJ Elizabeth
51%
19,635 VA Newport News
51%
15,997 CT Stamford
51%
11,606 WI Kenosha
50%
12,488 (AK) Nome
50%
75,935 NJ Camden
49%
94,969 MA Lowell
49%
31,051 IL Rockford
49%
102,979 MO St. Joseph
49%
13,136 NY Ithaca
48%
105,171 NJ Paterson
48%
38,878 WV Wheeling
48%
36,252 IL Quincy
47%
23,899 MA Quincy
47%
42,345 MI Saginaw
47%
13,214 CA Berkeley
46%
17,517 WI Eau Claire
46%
29,353 IL Joliet
46%
24,404 MI Kalamazoo
46%
18,116 IN Lafayette
46%
62,442 MA New Bedford
46%
10,538 MI Sault Ste. Marie
46%
17,548 CT New London
45%
24,029 NY Poughkeepsie
45%
129,896 PA Allegheny
44%
15,085 WI Appleton
44%
62,559 MA Lawrence
44%
10,862 KS Lawrence
44%
78,961 PA Reading
44%
30,470 MT Butte
43%
30,667 OH Canton
43%
11,923 WV Huntington
43%
60,651 NY Troy
43%
14,834 MS Vicksburg
43%
51,721 PA Wilkes-Barre
43%
39,647 NY Binghamton
42%
13,207 NH Dover
42%
36,297 IA Dubuque
42%
104,863 MA Fall River
42%
11,587 AR Fort Smith
42%
59,364 NJ Hoboken
42%
23,898 NH Nashua
42%
31,682 NY Schenectady
42%
23,094 NJ West Hoboken
42%
38,973 PA Altoona
41%
23,286 IL Bloomington
41%
18,891 VA Lynchburg
41%
68,513 MA Lynn
41%
45,859 CT Waterbury
41%
10,058 MI Marquette
40%
28,284 WI Oshkosh
40%
26,023 MO Joplin
39%
29,102 WI Racine
39%
14,930 MT Great Falls
38%
10,049 WA Walla Walla
38%
27,628 MI Bay City
37%
19,259 IL Evanston
37%
14,720 NY New Rochelle
37%
36,673 IN Terre Haute
37%
21,316 RI Warwick
37%
13,119 MI West Bay City
37%
29,655 IL East St. Louis
36%
13,649 PA Plymouth
36%
11,395 SC Spartanburg
36%
40,063 MA Brockton
35%
26,121 MA Gloucester
35%
15,343 NY Rome
35%
33,988 PA Chester
34%
28,895 WI La Crosse
34%
16,537 CT Danbury
33%
19,664 OH Sandusky
33%
31,091 WI Superior
33%
16,520 VA Danville
32%
16,354 IL Danville
32%
23,761 ME Lewiston
32%
21,810 VA Petersburg
32%
22,962 WI Sheboygan
32%
12,580 IA Waterloo
32%
22,433 IL Elgin
31%
12,210 MS Natchez
31%
39,231 RI Pawtucket
31%
25,802 IA Council Bluffs
30%
17,128 MD Cumberland
30%
17,251 CT Norwich
30%
19,446 KY Paducah
30%
21,696 NY Watertown
30%
12,566 IL Cairo
29%
42,938 KY Covington
29%
20,754 IL Decatur
29%
23,914 OH Hamilton
29%
14,050 MS Meridian
29%
14,850 IN Michigan City
29%
20,942 IN Muncie
29%
20,818 MI Muskegon
29%
13,189 KY Owensboro
29%
18,563 MI Battle Creek
28%
13,343 RI Cranston
28%
12,376 IN Hammond
28%
21,723 OH Lima
28%
20,346 NY Mount Vernon
28%
24,141 NJ Orange
28%
61,643 MA Somerville
28%
13,591 MD Hagerstown
27%
13,185 WI Janesville
27%
17,248 IL Moline
27%
22,199 NY Oswego
27%
11,703 WV Parkersburg
27%
21,766 MA Pittsfield
27%
13,241 PA South Bethlehem
27%
30,345 NY Auburn
26%
12,951 ME Auburn
26%
35,672 NY Elmira
26%
35,936 PA Johnstown
26%
10,130 NY Johnstown
26%
11,496 AR Pine Bluff
26%
19,493 IL Rock Island
26%
15,184 IN Elkhart
25%
15,110 WI Fond du Lac
25%
33,587 MA Newton
25%
11,499 VT Rutland
25%
28,757 PA Williamsport
25%
45,712 MA Holyoke
24%
22,892 NY Jamestown
24%
24,535 NY Kingston
24%
14,522 NY Middletown
24%
28,339 PA New Castle
24%
18,643 MA Northampton
24%
19,158 MI Port Huron
24%
12,409 NY Saratoga Springs
24%
31,036 MA Taunton
24%
32,722 NJ Bayonne
23%
16,028 OH Lorain
23%
25,998 CT New Britain
23%
20,006 NJ New Brunswick
23%
15,187 NJ Union
23%
12,354 WI Wausau
23%
28,204 RI Woonsocket
23%
23,538 OH Zanesville
23%
16,464 CA Alameda
22%
20,178 IN Anderson
22%
13,074 WI Ashland
22%
10,436 WI Beloit
22%
19,935 MA Brookline
22%
20,735 KS Leavenworth
22%
27,777 NJ Passaic
22%
11,134 MA Adams
21%
37,175 MA Haverhill
21%
10,609 IN Kokomo
21%
10,599 MN Mankato
21%
17,640 OH Mansfield
21%
11,302 MA Framingham
20%
17,628 PA Lebanon
20%
24,943 NY Newburgh
20%
14,478 MA Newburyport
20%
16,485 OH East Liverpool
19%
25,238 PA Easton
19%
17,337 IN Marion
19%
11,862 OH Marion
19%
20,628 IN New Albany
19%
10,774 IN Jeffersonville
18%
18,244 MA Medford
18%
17,699 NJ Perth Amboy
18%
10,477 ME Bath
17%
22,698 IA Clinton
17%
13,667 MA Clinton
17%
12,780 MO Hannibal
17%
13,595 IL Kankakee
17%
33,664 MA Malden
17%
11,786 WI Manitowoc
17%
10,243 TX Sherman
17%
14,349 OH Steubenville
17%
12,318 MN Stillwater
17%
23,481 MA Waltham
17%
20,929 NY Amsterdam
16%
12,949 OH Ashtabula
16%
34,072 MA Chelsea
16%
19,167 MA Chicopee
16%
12,976 OH Chillicothe
16%
10,272 KY Henderson
16%
24,296 CT Meriden
16%
19,714 MN Winona
16%
14,210 IL Alton
15%
11,335 MA Attleboro
15%
10,853 PA Butler
15%
21,506 NJ East Orange
15%
12,392 MA Leominster
15%
16,581 NY Lockport
15%
34,227 PA McKeesport
15%
11,376 MA Milford
15%
17,613 OH Findlay
14%
12,613 NY Glens Falls
14%
12,455 CO Leadville
14%
13,348 OH Marietta
14%
16,195 WI Marinette
14%
11,523 MA Peabody
14%
11,802 MI Alpena
13%
13,884 MA Beverly
13%
11,061 NY Corning
13%
31,531 MA Fitchburg
13%
12,162 IA Fort Dodge
13%
10,596 NJ Harrison
13%
11,944 OH Massillon
13%
24,200 MA North Adams
13%
18,197 IA Ottumwa
13%
10,249 IN Vincennes
13%
11,324 MA Weymouth
13%
15,722 KS Atchison
12%
17,484 IL Belleville
12%
16,145 ME Biddeford
12%
24,336 MA Everett
12%
13,258 IL Freeport
12%
10,433 NY Geneva
12%
14,230 PA Hazleton
12%
14,641 IA Keokuk
12%
15,231 MO Sedalia
12%
12,310 MA Westfield
12%
13,536 PA Carbondale
11%
11,807 TX Denison
11%
11,616 NY Dunkirk
11%
13,609 MA Marlborough
11%
11,544 IA Marshalltown
11%
12,818 MI Menominee
11%
11,267 NJ Morristown
11%
14,073 IA Muscatine
11%
13,264 PA Oil City
11%
10,358 NY Peekskill
11%
15,710 PA Pottsville
11%
15,029 PA Bradford
10%
23,910 NY Cohoes
10%
18,607 IL Galesburg
10%
10,006 (OK) Guthrie
10%
14,260 MI Manistee
10%
10,588 IL Ottawa
10%
14,254 MA Woburn
10%
18,167 RI Central Falls
9%
10,147 CO Cripple Creek
9%
10,155 KS Galena
9%
11,868 OH Ironton
9%
10,896 NJ Kearny
9%
22,265 PA Norristown
9%
12,633 NY Ogdensburg
9%
13,696 PA Pottstown
9%
10,989 OH Tiffin
9%
10,054 PA Beaver Falls
8%
15,654 PA Braddock
8%
13,913 NJ Bridgeton
8%
13,255 MI Ishpeming
8%
10,446 IL LaSalle
8%
16,204 IN Logansport
8%
10,291 PA Meadville
8%
10,583 NJ Millville
8%
10,541 CT Naugatuck
8%
12,172 OH Piqua
8%
15,369 NJ Plainfield
8%
12,681 CT Ansonia
7%
13,962 NJ Montclair
7%
10,052 NJ Phillipsburg
7%
12,583 PA Dunmore
6%
10,322 KS Fort Scott
6%
10,813 MA Gardner
6%
18,349 NY Gloversville
6%
11,918 NY Hornell
6%
12,116 PA Nanticoke
6%
20,321 PA Shenandoah
6%
10,025 MA Southbridge
6%
14,321 NY Watervliet
6%
12,950 IN Elwood
5%
10,381 NY Little Falls
5%
12,962 MA Melrose
5%
12,556 PA Pittston
5%
18,202 PA Shamokin
5%
14,079 IL Streator
5%
11,886 PA Wilkinsburg
5%
12,554 PA Homestead
4%
13,244 MA Hyde Park
4%
13,179 PA Mount Carmel
4%
12,086 PA Steelton
4%
13,504 PA Mahanoy City
3%
12,595 NY Lansingburgh
1%
No matching quizzes found
Score Distribution
Percent of People with Each Score
Percentile by Number Answered
Your Score History
You have not taken this quiz